Patrones de reproducción en dos poblaciones aisladas de Agelaius icterocephalus (<aves: Icteridae>) (Registro nro. 11319)

Detalles MARC
000 -CABECERA
Campo de control 007230000a22002050004500
090 ## - CLASIFICACIÓN LOCAL
Colección AR
Consecutivo 02247
041 0# - IDIOMA
Código de idioma para texto/pista de sonido o título separado
100 1# - ASIENTO PRINCIPAL--NOMBRE PERSONAL
Nombre personal Naranjo Henao, Luis Germán
245 10 - MENCION DE TITULO
Título Patrones de reproducción en dos poblaciones aisladas de Agelaius icterocephalus (<aves: Icteridae>)
500 ## - NOTA GENERAL
Nota general CID tiene revista original
650 14 - ASIENTO SECUNDARIO DE MATERIA - TERMINO TEMATICO
Término temático o nombre geográfico como elemento de entrada Aves
650 14 - ASIENTO SECUNDARIO DE MATERIA - TERMINO TEMATICO
Término temático o nombre geográfico como elemento de entrada Reproducción animal
650 14 - ASIENTO SECUNDARIO DE MATERIA - TERMINO TEMATICO
Término temático o nombre geográfico como elemento de entrada Ornitología
650 14 - ASIENTO SECUNDARIO DE MATERIA - TERMINO TEMATICO
Término temático o nombre geográfico como elemento de entrada Ecología
651 #4 - ASIENTO SECUNDARIO DE MATERIA - NOMBRE GEOGRAFICO
-- Río Cauca
-- Valle del Cauca
-- Colombia
651 #4 - ASIENTO SECUNDARIO DE MATERIA - NOMBRE GEOGRAFICO
-- Laguna de la Herrera
-- Cundinamarca
-- Colombia
653 ## - TERMINO DE INDIZACION - NO CONTROLADO
-- Icteridae
-- Agelaius
-- Ageliaus icterocephalus
773 1# - Item fuente:
Título Caldasia
Especificación de materiales 45
Descripción física 86
Paginas del Articulo 89-100
Lugar, editorial y fecha de publicación 1995
Información sobre la relación 18
942 ## - ELEMENTOS ADICIONALES (KOHA)
Tipo de ítem Artículo
Existencias
Withdrawn status Lost status Damaged status No para préstamo Colección Ubicación Permanente Ubicación actual Fecha de adquisición Fuente de Valor Datos de publicación Seriada Total Checkouts Número topográfico Inventario / Código de Barras Date last seen Ejemplar Price effective from Forma de adquisición Tipo de material
      No para Préstamo Hemeroteca Bogotá Bogotá 27/02/2015 Academia Colombiana de Ciencias Exactas, Físicas y Naturales Fuera de circulación   AR 02247 012635 25/03/2015 1 25/03/2015   Artículo